000 01341cam a22003978i 4500
999 _c113636
_d113636
001 20413978
003 OSt
005 20190506103828.0
008 180320s2018 nyu b 001 0 eng
010 _a 2018013762
020 _a9781107183971 (hardback : alk. paper)
020 _a9781316635315 (pbk. : alk. paper)
020 _a9781316875070
040 _aDLC
_beng
_erda
_cDLC
042 _apcc
043 _aa-----
050 0 0 _aK2400
_b.U525 2018
082 0 0 _a341.5/22095
_223
245 0 4 _aThe UNCITRAL model law and Asian arbitration laws /
_cedited by Gary F. Bell, National University of Singapore.
263 _a1807
264 1 _aNew York :
_bCambridge University Press,
_c2018.
300 _apages cm
336 _atext
_btxt
_2rdacontent
337 _aunmediated
_bn
_2rdamedia
338 _avolume
_bnc
_2rdacarrier
504 _aIncludes bibliographical references and index.
610 2 0 _aUnited Nations Commission on International Trade Law.
650 0 _aArbitration and award
_zAsia.
650 0 _aInternational commercial arbitration.
650 0 _aLaw
_xInternational unification.
700 1 _aBell, Gary F.,
_eeditor.
856 _uhttps://doi.org/10.1017/9781316875070
906 _a7
_bcbc
_corignew
_d1
_eecip
_f20
_gy-gencatlg
942 _2ddc
_cEBK